Work study (Record no. 165006)

MARC details
000 -LEADER
fixed length control field 00358nam a2200157Ia 4500
008 - FIXED-LENGTH DATA ELEMENTS--GENERAL INFORMATION
fixed length control field 231217s9999 xx 000 0 und d
041 ## - LANGUAGE CODE
Language code of text/sound track or separate title English
082 ## - DEWEY DECIMAL CLASSIFICATION NUMBER
Classification number 658 CUR
100 ## - MAIN ENTRY--PERSONAL NAME
Personal name Currie R M Faraday, Joseph E Rev.
245 #0 - TITLE STATEMENT
Title Work study
250 ## - EDITION STATEMENT
Edition statement 4th ed.
260 ## - PUBLICATION, DISTRIBUTION, ETC.
Date of publication, distribution, etc. 1977
Name of publisher, distributor, etc. ELBS
300 ## - PHYSICAL DESCRIPTION
Extent ix+326
650 ## - SUBJECT ADDED ENTRY--TOPICAL TERM
Topical term or geographic name entry element Work study
942 ## - ADDED ENTRY ELEMENTS (KOHA)
Koha item type Books
Holdings
Date last seen Total checkouts Full call number Accession number Cost, total (INR) price Price effective from Category Public note Lost status Damaged status Department Withdrawn status Home library Current library Entry date Cost, normal purchase price Grants Billdate Currency symbol Conversion rate Discount Old discount
26/01/2024   658 CUR 10171 33.49 26/01/2024 Books Gratis     Central Library   Central Library Central Library 30/09/1997 39.40 MBA 15/02/2000 RS 1 5.91 15

© For any Suggestions or Query, please contact the library staff @ librarian@pes.edu or Phone: +9180 2672 1983/ 2108.